000 002270000a22000970004500
100 1 _aCarter, Isabel
245 1 0 _aCultivo en corredores
300 _aVol.0, núm.70 (Mayo, 2007), Página 9
773 0 _tPaso a Paso
942 _cANA
999 _c62252
_d62252